[Event "Titled Tuesday intern op 26th Sep Late"]
[Site "Chess.com INT"]
[Date "2023.09.26"]
[Round "8"]
[White "Jaracz, Pawel"]
[Black "Chigaev, Maksim"]
[Result "0-1"]
[WhiteElo "2472"]
[BlackElo "2615"]
[PlyCount "136"]
[EventDate "2023.09.26"]
[EventType "swiss (blitz)"]
[EventRounds "11"]
[EventCountry "USA"]
[SourceTitle "EXT 2024"]
[Source "ChessBase"]
[SourceDate "2023.10.10"]
[SourceVersion "1"]
[SourceVersionDate "2023.10.10"]
[SourceQuality "1"]

1. e4 e5 2. Nf3 Nc6 3. Bb5 a6 4. Ba4 Nf6 5. d3 d6 6. c3 Be7 7. 0-0 0-0 8. h3 h6 9. Re1 Re8 10. d4 b5 11. Bc2 exd4 12. cxd4 Nb4 13. Bb3 c5 14. a3 Nc6 15. Nc3 cxd4 16. Nd5 Be6 17. Nxd4 Nxd4 18. Qxd4 Nxd5 19. Bxd5 Bf6 20. Qd3 Bxd5 21. Qxd5 Rc8 22. a4 b4 23. Qd3 a5 24. Rd1 Qe7 25. f3 Red8 26. Rb1 Qd7 27. Qb3 Qe6 28. Rd5 Rc5 29. Be3 Rxd5 30. Qxd5 Qxd5 31. exd5 Rc8 32. Bb6 b3 33. Bxa5 Ra8 34. Bb4 Rxa4 35. Bxd6 Rd4 36. Ba3 Rxd5 37. Rc1 h5 38. Rc8+ Kh7 39. Rb8 Rd3 40. Kf1 h4 41. Ke2 Rd5 42. Rxb3 Rg5 43. Kf1 Rd5 44. Re3 Kg6 45. Ke2 Kf5 46. Re4 g5 47. Rc4 Re5+ 48. Kd3 Re1 49. Rc5+ Kg6 50. Rc2 Rd1+ 51. Kc4 Be5 52. Bc5 f5 53. b4 g4 54. fxg4 fxg4 55. hxg4 Kg5 56. b5 Kxg4 57. b6 Bf4 58. Rb2 Rc1+ 59. Kd5 Rd1+ 60. Kc6 Rc1 61. Rb4 Kf5 62. b7 Bg3 63. Kd5 Rd1+ 64. Rd4 Rb1 65. Bb4 Rb2 66. Kc6 Rc2+ 67. Kd7 Rxg2 68. Bd6 Rb2 0-1

[Event "Titled Tuesday intern op 19th Sep Late"]
[Site "Chess.com INT"]
[Date "2023.09.19"]
[Round "2"]
[White "Colpe, Malte"]
[Black "Jaracz, Pawel"]
[Result "1-0"]
[WhiteElo "2386"]
[BlackElo "2472"]
[PlyCount "73"]
[EventDate "2023.09.19"]
[EventType "swiss (blitz)"]
[EventRounds "11"]
[EventCountry "USA"]
[SourceTitle "EXT 2024"]
[Source "ChessBase"]
[SourceDate "2023.10.10"]
[SourceVersion "1"]
[SourceVersionDate "2023.10.10"]
[SourceQuality "1"]

1. d4 Nf6 2. Bf4 d5 3. e3 Bf5 4. c4 e6 5. Qb3 Qc8 6. Nc3 c6 7. Nf3 Nbd7 8. cxd5 exd5 9. h3 Be7 10. Be2 Be4 11. 0-0 Bxf3 12. Bxf3 0-0 13. Rac1 Nb6 14. a4 Qd7 15. Qc2 a5 16. b3 Ba3 17. Rcd1 Bb4 18. Na2 Bd6 19. Bg5 Qe6 20. Nc1 Ne4 21. Bxe4 dxe4 22. Ne2 Nd5 23. Qc4 h6 24. Bh4 Kh7 25. Bg3 Bxg3 26. Nxg3 f5 27. Rde1 Qg6 28. Kh2 Rae8 29. Qc5 b6 30. Qc2 Re6 31. Qd2 Qh5 32. Nxh5 g5 33. f4 exf3 34. Rxf3 Kg6 35. g4 Ne7 36. Ref1 Re4 37. Ng3 1-0

[Event "Titled Tuesday intern op 19th Sep Late"]
[Site "Chess.com INT"]
[Date "2023.09.19"]
[Round "4"]
[White "Dogan, Ali Ekber"]
[Black "Jaracz, Pawel"]
[Result "0-1"]
[WhiteElo "2182"]
[BlackElo "2472"]
[PlyCount "80"]
[EventDate "2023.09.19"]
[EventType "swiss (blitz)"]
[EventRounds "11"]
[EventCountry "USA"]
[SourceTitle "EXT 2024"]
[Source "ChessBase"]
[SourceDate "2023.10.10"]
[SourceVersion "1"]
[SourceVersionDate "2023.10.10"]
[SourceQuality "1"]

1. d4 Nf6 2. c4 g6 3. g3 Bg7 4. Bg2 0-0 5. Nf3 d6 6. 0-0 Nbd7 7. Qc2 e5 8. Rd1 Re8 9. Nc3 a6 10. dxe5 dxe5 11. c5 Qe7 12. b4 a5 13. Bg5 axb4 14. Nd5 Qd8 15. c6 bxc6 16. Qxc6 Ra6 17. Qxc7 e4 18. Qxd8 Rxd8 19. Nxf6+ Bxf6 20. Bxf6 Rxf6 21. Ne5 Re6 22. Nc4 Ba6 23. Rac1 Rc8 24. Rxd7 Rxc4 25. Rxc4 Bxc4 26. Rd4 Bxe2 27. Rxb4 Bd3 28. a4 f5 29. h3 Rc6 30. Kh2 Rc2 31. Kg1 Ra2 32. Rb8+ Kg7 33. Rb7+ Kh6 34. Rb4 Kg5 35. g4 Kf4 36. gxf5 gxf5 37. h4 h5 38. Rd4 Kg4 39. Rb4 Kxh4 40. f3 Kg3 0-1

[Event "Titled Tuesday intern op 12th Sep Early"]
[Site "Chess.com INT"]
[Date "2023.09.12"]
[Round "4"]
[White "Ibadov, Dashgyn"]
[Black "Jaracz, Pawel"]
[Result "1-0"]
[WhiteElo "2360"]
[BlackElo "2472"]
[PlyCount "83"]
[EventDate "2023.09.12"]
[EventType "swiss (blitz)"]
[EventRounds "11"]
[EventCountry "USA"]
[SourceTitle "EXT 2024"]
[Source "ChessBase"]
[SourceDate "2023.10.10"]
[SourceVersion "1"]
[SourceVersionDate "2023.10.10"]
[SourceQuality "1"]

1. e4 c5 2. Nf3 d6 3. d4 cxd4 4. Nxd4 Nf6 5. Nc3 a6 6. Bg5 Nbd7 7. Qe2 h6 8. Bd2 e5 9. Nb3 b5 10. 0-0-0 Bb7 11. f4 Be7 12. g4 exf4 13. Bxf4 0-0 14. Rg1 b4 15. Nd5 Nxd5 16. exd5 Bg5 17. Qd2 a5 18. Bxg5 hxg5 19. Kb1 Ne5 20. Be2 a4 21. Nd4 b3 22. Nf5 g6 23. h4 bxc2+ 24. Qxc2 gxh4 25. Rh1 Rc8 26. Qe4 g5 27. Bd3 Nxd3 28. Ne7+ Kg7 29. Nxc8 Ne5 30. Na7 Qd7 31. Rc1 Re8 32. Nc6 Nxg4 33. Qd4+ Ne5 34. Nxe5 Rxe5 35. Rhg1 f6 36. Rcd1 Bxd5 37. Qb4 Qe6 38. a3 Kg6 39. Ka1 h3 40. Rc1 h2 41. Rh1 Bxh1 42. Rxh1 1-0

[Event "Titled Tuesday intern op 12th Sep Early"]
[Site "Chess.com INT"]
[Date "2023.09.12"]
[Round "9"]
[White "Jaracz, Pawel"]
[Black "Ashraf, Artin"]
[Result "0-1"]
[WhiteElo "2472"]
[BlackElo "2340"]
[PlyCount "80"]
[EventDate "2023.09.12"]
[EventType "swiss (blitz)"]
[EventRounds "11"]
[EventCountry "USA"]
[SourceTitle "EXT 2024"]
[Source "ChessBase"]
[SourceDate "2023.10.10"]
[SourceVersion "1"]
[SourceVersionDate "2023.10.10"]
[SourceQuality "1"]

1. e4 c5 2. Nf3 d6 3. d4 cxd4 4. Nxd4 Nf6 5. Nc3 a6 6. Bg5 e6 7. f4 h6 8. Bh4 Qb6 9. a3 Nc6 10. Bf2 Qc7 11. Qf3 Be7 12. Bd3 e5 13. Nf5 Bxf5 14. exf5 d5 15. Nxd5 Nxd5 16. Qxd5 exf4 17. Qe4 0-0-0 18. 0-0-0 Rhe8 19. Qc4 Bf6 20. Be4 Nd4 21. Qxc7+ Kxc7 22. Rhe1 Nb5 23. c3 Rxd1+ 24. Kxd1 Bxc3 25. bxc3 Rxe4 26. Kc2 Rxe1 27. Bxe1 Nxa3+ 28. Kd3 Nb5 29. Bd2 Nd6 30. Bxf4 f6 31. g4 Kc6 32. c4 Nf7 33. Kd4 Ng5 34. Bg3 b6 35. h4 Nf7 36. Bf4 Nd6 37. h5 Nb7 38. g5 hxg5 39. Bxg5 fxg5 40. f6 gxf6 0-1

[Event "Titled Tuesday intern op 12th Sep Early"]
[Site "Chess.com INT"]
[Date "2023.09.12"]
[Round "7"]
[White "Kopylov, Daniel"]
[Black "Jaracz, Pawel"]
[Result "0-1"]
[WhiteElo "2317"]
[BlackElo "2472"]
[PlyCount "66"]
[EventDate "2023.09.12"]
[EventType "swiss (blitz)"]
[EventRounds "11"]
[EventCountry "USA"]
[SourceTitle "EXT 2024"]
[Source "ChessBase"]
[SourceDate "2023.10.10"]
[SourceVersion "1"]
[SourceVersionDate "2023.10.10"]
[SourceQuality "1"]

1. d4 d5 2. c4 e6 3. Nf3 Nf6 4. Nc3 Bb4 5. Bg5 h6 6. Bxf6 Qxf6 7. e3 0-0 8. Rc1 Nd7 9. cxd5 exd5 10. Bd3 c6 11. 0-0 Re8 12. a3 Bxc3 13. bxc3 Nb6 14. Ne5 Bf5 15. c4 Bxd3 16. Qxd3 Rad8 17. Rb1 Re7 18. c5 Nd7 19. Rxb7 Nxc5 20. dxc5 Rxb7 21. Qa6 Rc7 22. Nf3 Qc3 23. Nd4 Qxc5 24. h3 Qb6 25. Qd3 c5 26. Nf5 Qf6 27. Rb1 d4 28. e4 c4 29. Qg3 Rcd7 30. f4 d3 31. Ne3 c3 32. Nd5 Rxd5 33. exd5 c2 0-1

[Event "Titled Tuesday intern op 22nd Aug Late"]
[Site "Chess.com INT"]
[Date "2023.08.22"]
[Round "5"]
[White "Hernando Rodrigo, Julio Antonio"]
[Black "Jaracz, Pawel"]
[Result "0-1"]
[WhiteElo "2238"]
[BlackElo "2472"]
[PlyCount "74"]
[EventDate "2023.08.22"]
[EventType "swiss (blitz)"]
[EventRounds "11"]
[EventCountry "USA"]
[SourceTitle "EXT 2024"]
[Source "ChessBase"]
[SourceDate "2023.10.10"]
[SourceVersion "1"]
[SourceVersionDate "2023.10.10"]
[SourceQuality "1"]

1. d4 d5 2. c4 e6 3. Nf3 c6 4. g3 f5 5. Bg2 Nf6 6. 0-0 Bd6 7. Nc3 0-0 8. Qc2 Bd7 9. Rb1 a5 10. a3 Na6 11. c5 Be7 12. b4 axb4 13. axb4 Nc7 14. Bf4 Ne4 15. Bxc7 Qxc7 16. Ne5 Bf6 17. f4 Be8 18. Bxe4 fxe4 19. e3 Bh5 20. b5 Bxe5 21. fxe5 Bf3 22. bxc6 bxc6 23. Rb6 h5 24. Ne2 g5 25. Rfb1 Ra7 26. Nc3 h4 27. g4 Bxg4 28. Qg2 Bh5 29. Rf1 Rxf1+ 30. Qxf1 Bf3 31. Qh3 Qf7 32. Qf1 Ra3 33. Rxc6 Qf5 34. Rc8+ Kh7 35. Rc7+ Kh6 36. Ne2 Rxe3 37. Ng3 Qg4 0-1

[Event "Titled Tuesday intern op 22nd Aug Late"]
[Site "Chess.com INT"]
[Date "2023.08.22"]
[Round "3"]
[White "Jaracz, Pawel"]
[Black "Gogolev, Artem"]
[Result "1-0"]
[WhiteElo "2472"]
[BlackElo "2241"]
[PlyCount "133"]
[EventDate "2023.08.22"]
[EventType "swiss (blitz)"]
[EventRounds "11"]
[EventCountry "USA"]
[SourceTitle "EXT 2024"]
[Source "ChessBase"]
[SourceDate "2023.10.10"]
[SourceVersion "1"]
[SourceVersionDate "2023.10.10"]
[SourceQuality "1"]

1. e4 c6 2. d4 d5 3. Nc3 dxe4 4. Nxe4 Bf5 5. Ng3 Bg6 6. Nh3 e6 7. Nf4 Bd6 8. c3 Nf6 9. h4 Bxf4 10. Bxf4 h6 11. Qb3 Qb6 12. Be2 Nbd7 13. Bd6 Nd5 14. c4 Qxb3 15. axb3 N5f6 16. 0-0 Ne4 17. Nxe4 Bxe4 18. f3 Bc2 19. Rfc1 Bg6 20. b4 Nf6 21. b5 Kd7 22. Be5 cxb5 23. cxb5 Rhc8 24. Rxc8 Kxc8 25. Rc1+ Kd8 26. Rc7 Nd5 27. Rc1 f6 28. Bg3 Rc8 29. Rxc8+ Kxc8 30. Bd6 Bf7 31. Bf8 g5 32. Bxh6 gxh4 33. Kf2 Kc7 34. Bf8 Bg6 35. Bc5 b6 36. Bf8 Kd7 37. Bc4 Nc7 38. Bh6 Bc2 39. b3 Bg6 40. Bd2 Ke7 41. Bb4+ Kd8 42. Be1 Be8 43. Ke3 Bxb5 44. Bxh4 Ke7 45. Bg3 Bxc4 46. bxc4 Ne8 47. Kd3 Kd7 48. Bh4 f5 49. g4 fxg4 50. fxg4 a5 51. g5 Nd6 52. g6 Ke8 53. Bf6 a4 54. d5 exd5 55. cxd5 b5 56. Be5 Nc4 57. Bc3 a3 58. Kd4 a2 59. Kc5 b4 60. Kxb4 Ne3 61. Kc5 Nf5 62. Kc6 Nh4 63. d6 Nxg6 64. d7+ Ke7 65. Bf6+ Ke6 66. d8Q Ne5+ 67. Bxe5 1-0

[Event "Titled Tuesday intern op 22nd Aug Late"]
[Site "Chess.com INT"]
[Date "2023.08.22"]
[Round "2"]
[White "Kirillov, Dmitry1111"]
[Black "Jaracz, Pawel"]
[Result "1-0"]
[WhiteElo "2206"]
[BlackElo "2472"]
[PlyCount "63"]
[EventDate "2023.08.22"]
[EventType "swiss (blitz)"]
[EventRounds "11"]
[EventCountry "USA"]
[SourceTitle "EXT 2024"]
[Source "ChessBase"]
[SourceDate "2023.10.10"]
[SourceVersion "1"]
[SourceVersionDate "2023.10.10"]
[SourceQuality "1"]

1. Nf3 b5 2. e4 a6 3. d4 Bb7 4. Bd3 e6 5. Nc3 c5 6. dxc5 Bxc5 7. e5 f5 8. exf6 Nxf6 9. Qe2 Nc6 10. Ne4 Be7 11. Bf4 0-0 12. c3 Rc8 13. 0-0 Na5 14. Bg3 Nxe4 15. Bxe4 Bxe4 16. Qxe4 Nc4 17. Qe2 Bf6 18. Rad1 Qe8 19. Rd3 Nb6 20. Rfd1 Nd5 21. Bd6 Rf7 22. Bg3 Kh8 23. h3 Rf8 24. Kh2 Qh5 25. Nd4 Bxd4 26. Qxh5 Bxf2 27. Bxf2 Rxf2 28. Rxd5 exd5 29. Rxd5 Rxb2 30. Rxd7 Rg8 31. Re7 Rxa2 32. Re8 1-0

[Event "Titled Tuesday intern op 15th Aug Early"]
[Site "Chess.com INT"]
[Date "2023.08.15"]
[Round "2"]
[White "Jaracz, Pawel"]
[Black "Avazkhonov, Alikhon"]
[Result "0-1"]
[WhiteElo "2472"]
[BlackElo "1538"]
[PlyCount "88"]
[EventDate "2023.08.15"]
[EventType "swiss (blitz)"]
[EventRounds "11"]
[EventCountry "USA"]
[SourceTitle "EXT 2024"]
[Source "ChessBase"]
[SourceDate "2023.10.10"]
[SourceVersion "1"]
[SourceVersionDate "2023.10.10"]
[SourceQuality "1"]

1. Nf3 d5 2. c4 c6 3. d4 e6 4. e3 f5 5. Be2 Nf6 6. 0-0 Bd6 7. Ne5 0-0 8. Nc3 b6 9. f4 Bb7 10. Bd2 Nbd7 11. Qc2 a5 12. cxd5 cxd5 13. Nb5 Rc8 14. Qa4 Bxe5 15. dxe5 Ne4 16. Be1 Ndc5 17. Qa3 Ba6 18. b4 Bxb5 19. Bxb5 axb4 20. Bxb4 Qh4 21. Qa7 Ra8 22. Qxb6 Rfb8 23. Qc6 Rc8 24. Be1 Qd8 25. a4 Rxc6 26. Bxc6 Qb6 27. Bb5 Qxb5 28. axb5 Rxa1 29. Bh4 Rxf1+ 30. Kxf1 Kf7 31. b6 Ke8 32. h3 Nd7 33. b7 Nec5 34. g4 g6 35. Be1 Nxb7 36. Kf2 Ndc5 37. Kg3 Ne4+ 38. Kh4 Kf7 39. g5 Nbc5 40. Bb4 Nb3 41. Be1 Nc1 42. Bb4 Ne2 43. Be1 Ng1 44. Bf2 Nf3# 0-1

[Event "Titled Tuesday intern op 08th Aug Early"]
[Site "Chess.com INT"]
[Date "2023.08.08"]
[Round "7"]
[White "Di Nicolantonio, Lucas"]
[Black "Jaracz, Pawel"]
[Result "0-1"]
[WhiteElo "2383"]
[BlackElo "2472"]
[PlyCount "110"]
[EventDate "2023.08.08"]
[EventType "swiss (blitz)"]
[EventRounds "11"]
[EventCountry "USA"]
[SourceTitle "EXT 2024"]
[Source "ChessBase"]
[SourceDate "2023.10.10"]
[SourceVersion "1"]
[SourceVersionDate "2023.10.10"]
[SourceQuality "1"]

1. Nf3 d5 2. e3 Bg4 3. c4 Bxf3 4. Qxf3 c6 5. Nc3 e6 6. b3 g6 7. Bb2 Bg7 8. h4 h5 9. 0-0-0 Nh6 10. Kb1 Nd7 11. cxd5 cxd5 12. Bb5 0-0 13. Qf4 Nc5 14. f3 a6 15. Be2 a5 16. g4 e5 17. Qg5 d4 18. gxh5 dxc3 19. dxc3 Qb6 20. Rdg1 Ne6 21. Qe7 Rfe8 22. Qa3 Qxe3 23. Bb5 gxh5 24. Bc1 Qxc3 25. Bxh6 Rec8 26. Bxg7 Nxg7 27. Rg2 Kh8 28. Rhg1 Nf5 29. Bd7 Qd3+ 30. Ka1 Qxd7 31. Qb2 Qd4 32. Rg5 Qxb2+ 33. Kxb2 Ng7 34. Rxg7 Rg8 35. R7g5 Rxg5 36. Rxg5 f6 37. Rg6 Rf8 38. Kc3 Kh7 39. Rg1 Rd8 40. a4 Rd4 41. Rh1 Rf4 42. Rd1 Kg6 43. Rd7 Rxf3+ 44. Kc4 Rf4+ 45. Kc5 Rb4 46. Rd3 Kf5 47. Rf3+ Ke6 48. Rg3 e4 49. Rg8 Kf5 50. Re8 Kf4 51. Re6 f5 52. Rh6 Rxb3 53. Rxh5 e3 54. Rh8 e2 55. Re8 Re3 0-1

[Event "Titled Tuesday intern op 08th Aug Late"]
[Site "Chess.com INT"]
[Date "2023.08.08"]
[Round "1"]
[White "Jaracz, Pawel"]
[Black "Castro Silva, Moises Antonio"]
[Result "1/2-1/2"]
[WhiteElo "2472"]
[BlackElo "2144"]
[PlyCount "132"]
[EventDate "2023.08.08"]
[EventType "swiss (blitz)"]
[EventRounds "11"]
[EventCountry "USA"]
[SourceTitle "EXT 2024"]
[Source "ChessBase"]
[SourceDate "2023.10.10"]
[SourceVersion "1"]
[SourceVersionDate "2023.10.10"]
[SourceQuality "1"]

1. e4 c5 2. Nf3 e6 3. d4 cxd4 4. Nxd4 Nf6 5. Nc3 Nc6 6. Bf4 Bb4 7. Ndb5 0-0 8. Bc7 Qe7 9. Bd6 Bxd6 10. Qxd6 Qxd6 11. Nxd6 Ne8 12. Ncb5 Nxd6 13. Nxd6 Rd8 14. 0-0-0 Kf8 15. f4 f6 16. Bb5 Ke7 17. Bxc6 dxc6 18. e5 b6 19. Rd3 Bd7 20. Rg3 Kf8 21. Rd1 Be8 22. h4 Bg6 23. Re3 Bh5 24. Rd2 Bg4 25. Rg3 h5 26. Rgd3 Ke7 27. c4 c5 28. b3 Rab8 29. Kb2 Ra8 30. Kc3 Rab8 31. Nb5 Rxd3+ 32. Rxd3 Ra8 33. Rd6 a6 34. Nc7 Ra7 35. Nd5+ exd5 36. cxd5 fxe5 37. fxe5 Rd7 38. Rxb6 Rxd5 39. Rb7+ Kf8 40. Ra7 Rxe5 41. Rxa6 Re2 42. g3 Rg2 43. Ra5 Rxg3+ 44. Kc4 g5 45. hxg5 h4 46. Ra8+ Kg7 47. Ra6 h3 48. Rh6 Rg2 49. a4 h2 50. Kxc5 Bf3 51. b4 Rc2+ 52. Kb6 h1Q 53. Rxh1 Bxh1 54. b5 Kf7 55. a5 Ke7 56. g6 Rg2 57. a6 Rxg6+ 58. Kc7 Rg1 59. b6 Rc1+ 60. Kb8 Kd7 61. b7 Rg1 62. Ka7 Rb1 63. b8Q Rxb8 64. Kxb8 Bc6 65. a7 Bd5 66. a8Q Bxa8 1/2-1/2

[Event "Titled Tuesday intern op 08th Aug Early"]
[Site "Chess.com INT"]
[Date "2023.08.08"]
[Round "11"]
[White "Jaracz, Pawel"]
[Black "Jones, Gawain C B"]
[Result "1-0"]
[WhiteElo "2472"]
[BlackElo "2618"]
[PlyCount "155"]
[EventDate "2023.08.08"]
[EventType "swiss (blitz)"]
[EventRounds "11"]
[EventCountry "USA"]
[SourceTitle "EXT 2024"]
[Source "ChessBase"]
[SourceDate "2023.10.10"]
[SourceVersion "1"]
[SourceVersionDate "2023.10.10"]
[SourceQuality "1"]

1. e4 d6 2. d4 Nf6 3. Nc3 g6 4. Be3 c6 5. Qd2 Ng4 6. Bg5 Qa5 7. h3 Nf6 8. Nf3 Bg7 9. Bd3 e5 10. Bh6 0-0 11. 0-0-0 Nbd7 12. Kb1 b5 13. g4 Bb7 14. Bxg7 Kxg7 15. dxe5 dxe5 16. Qg5 h6 17. Qh4 Rh8 18. Ne2 c5 19. c3 Nxe4 20. Qe7 Nxf2 21. Bxg6 Kxg6 22. Rd6+ Kg7 23. Rxd7 Be4+ 24. Ka1 Rhf8 25. Qxe5+ Kg8 26. Ng3 Rae8 27. Qf4 Bg6 28. Nf5 Nxh1 29. Nxh6+ Kg7 30. Qg5 Kh7 31. Nf5 Bxf5 32. gxf5 Qb6 33. f6 Qxf6 34. Qxf6 Re6 35. Qf5+ Rg6 36. Rxf7+ Rxf7 37. Qxf7+ Kh6 38. Qf8+ Kh7 39. Qf7+ Kh6 40. Qf4+ Kh7 41. a4 bxa4 42. Ne5 Rg1+ 43. Ka2 Rg7 44. Qf5+ Kg8 45. Qe6+ Kh7 46. Ng4 Ng3 47. Qh6+ Kg8 48. Qe6+ Kh7 49. Qe5 Nf1 50. Qf5+ Kg8 51. Qxf1 a3 52. Qc4+ Kh7 53. Kxa3 Rg6 54. Qe4 Kg7 55. Qxg6+ Kxg6 56. Ne5+ Kg5 57. Nd3 c4 58. Ne5 Kh4 59. Nxc4 Kxh3 60. Kb4 Kg4 61. Na5 Kf5 62. Kc5 Ke6 63. b4 Kd7 64. Kb5 Kc7 65. Ka6 Kb8 66. b5 Ka8 67. c4 Kb8 68. Nc6+ Ka8 69. Nxa7 Kb8 70. Nc6+ Ka8 71. Na5 Kb8 72. c5 Ka8 73. b6 Kb8 74. Kb5 Ka8 75. c6 Kb8 76. Nc4 Ka8 77. Nd6 Kb8 78. Ka6 1-0

[Event "Titled Tuesday intern op 01st Aug Late"]
[Site "Chess.com INT"]
[Date "2023.08.01"]
[Round "4"]
[White "Estrada Nieto, Julian"]
[Black "Jaracz, Pawel"]
[Result "0-1"]
[WhiteElo "2217"]
[BlackElo "2472"]
[PlyCount "62"]
[EventDate "2023.08.01"]
[EventType "swiss (blitz)"]
[EventRounds "11"]
[EventCountry "USA"]
[SourceTitle "EXT 2024"]
[Source "ChessBase"]
[SourceDate "2023.10.10"]
[SourceVersion "1"]
[SourceVersionDate "2023.10.10"]
[SourceQuality "1"]

1. e4 d6 2. d4 Nf6 3. Nc3 e5 4. Nf3 Nbd7 5. Bc4 Be7 6. 0-0 0-0 7. Re1 c6 8. a4 h6 9. a5 Qc7 10. b3 Rb8 11. d5 cxd5 12. Nb5 Qd8 13. exd5 a6 14. Na7 Nh7 15. Nxc8 Rxc8 16. Ba3 Ng5 17. Nxg5 hxg5 18. Qh5 g6 19. Qh6 Re8 20. Re3 Bf8 21. Qh3 f5 22. g4 f4 23. Re2 Nf6 24. Bd3 e4 25. Bb2 exd3 26. Rxe8 Nxe8 27. Qh8+ Kf7 28. Qh7+ Bg7 29. cxd3 Nf6 30. Bxf6 Qxf6 31. Re1 Rh8 0-1

[Event "Titled Tuesday intern op 01st Aug Early"]
[Site "Chess.com INT"]
[Date "2023.08.01"]
[Round "4"]
[White "Jaracz, Pawel"]
[Black "Fonseca Manrique, Enrique"]
[Result "0-1"]
[WhiteElo "2472"]
[BlackElo "2169"]
[PlyCount "32"]
[EventDate "2023.08.01"]
[EventType "swiss (blitz)"]
[EventRounds "11"]
[EventCountry "USA"]
[SourceTitle "EXT 2024"]
[Source "ChessBase"]
[SourceDate "2023.10.10"]
[SourceVersion "1"]
[SourceVersionDate "2023.10.10"]
[SourceQuality "1"]

1. g3 g6 2. Bg2 Bg7 3. d4 c5 4. d5 Nf6 5. e4 d6 6. Nc3 0-0 7. a4 Na6 8. h3 Nc7 9. Nf3 Nd7 10. 0-0 a6 11. Bf4 Bxc3 12. bxc3 f6 13. g4 Rb8 14. g5 Ne5 15. Nxe5 fxe5 16. Be3 Ne8 0-1